000 00955nam a22002417a 4500
999 _c19107
_d19107
003 AR-CdUCM
008 190516b ||||| |||| 00| 0 spa d
040 _aMUNICIPALIDAD PROVINCIAL DEL CUSCO
_cBIBLIOTECA MUNICIPAL DEL CUSCO
082 _a573 /
_bH92
100 _aHulse, Frederick
_940236
245 _aLa especie Humana :
_bintroducción a la antropología física /
260 _aEspaña :
_bAguilar,
_c1968.
300 _a469 paginas ;
_bIlustraciones,
_c22 cm.
500 _aTitulo original : The human species
505 _aContenido : Que es el hombre -- La cualidades de la vida -- La transmisión de la vida -- Las variedades de la vida -- Ecología y evolución de los vertebrados...
650 _aEl hombre
_916004
650 _aEspecies
_940237
650 _aConducta y evolución
_940238
650 _aLa naturaleza
_96689
700 _aEscolar Bareño, Luis (Traducción)
_940239
942 _2ddc
_cLIBROS
945 _awnts
_d2019-05-16